MARC

LEADER 00000nam0a2200000 4500
001 297502
005 20231102001020.0
020 |a RU  |b 84-24770 
035 |a (RuTPU)RU\TPU\book\322635 
090 |a 297502 
100 |a 20150609d1982 km y0rusy5003 ca 
101 0 |a rus 
102 |a RU 
105 |a a z 001zy 
200 1 |a Физическое и математическое моделирование технологических процессов Норильского горно-металлургического промышленного комплекса  |e межвузовский и межведомственный сборник  |f Норильский вечерний индустриальный институт 
210 |a Норильск  |d 1982 
215 |a 188 с.  |c ил. 
320 |a Библиогр. в конце ст. 
606 1 |a Руды цветных металлов  |x Моделирование  |2 stltpush  |3 (RuTPU)RU\TPU\subj\26252  |9 50221 
606 1 |a Цветная металлургическая промышленность  |2 stltpush  |3 (RuTPU)RU\TPU\subj\17707  |9 43279 
610 1 |a физическое моделирование 
610 1 |a математическое моделирование 
610 1 |a Норильский горнопромышленный район 
610 1 |a метод наименьших квадратов 
610 1 |a упруго-пластические модели 
610 1 |a агломерирование 
610 1 |a диффузионные процессы 
610 1 |a ротатор 
610 1 |a термическая конверсия 
610 1 |a расплавы 
610 1 |a турбулентное движение 
675 |a 622.342/.349  |z rus  |v 3 
675 |a 669.2  |z rus  |v 3 
712 0 2 |a Норильский вечерний индустриальный институт  |2 stltpush  |3 (RuTPU)RU\TPU\col\8115  |9 24485 
801 0 |a RU  |b RuMRKP  |c 19950704  |g psbo 
801 1 |a RU  |b 63413507  |c 20150609 
801 2 |a RU  |b 63413507  |c 20190306  |g RCR 
942 |c BK